| 000 | 01166nam a2200277 a 4500 | ||
|---|---|---|---|
| 001 | BRCA_135 | ||
| 005 | 20190320202909.0 | ||
| 008 | 891017s1991 nyua---##b---#001-0#eng-d | ||
| 020 | _a0872731227 | ||
| 040 |
_aDLC _cDLC _dDLC |
||
| 050 | 4 |
_aE98.A7 _b.F36 1991 |
|
| 100 | 1 |
_aFane, Diana _9532 |
|
| 245 | 1 | 0 |
_aObjects of myth and memory _bamerican indian art at the Brooklyn Museum _cDiana Fane, Ira Jacknis, Lise M. Breen. |
| 260 |
_aBrooklyn, Nueva York _bThe Brooklyn Museum : University of Washington Press _c1991 |
||
| 300 |
_a320 p. _bil. (algunas a color), mapas _c30 cm. |
||
| 500 | _aCatálogo de la exposición realizada en el Museo de Brooklyn (Brooklyn, Nueva York), 4 octubre - 30 diciembre, 1991 | ||
| 500 | _aIncluye índice alfabético | ||
| 504 | _aBibliografía: p. 313-316 | ||
| 600 | 1 | 4 |
_aCulin, Stewart _d1858-1929 _xColecciones de arte _9533 |
| 610 | 2 | 4 |
_aMuseo de Brooklyn (Estados Unidos) _vExposiciones _9534 |
| 650 | 1 | 4 |
_aArte indígena _vExposiciones _zAmérica del Norte _9535 |
| 650 | 1 | 4 |
_aIndígenas de América del Norte _vExposiciones _xAntigüedades _9536 |
| 700 | 1 |
_aJacknis, Ira _9537 |
|
| 700 | 1 |
_aBreen, Lise M _9538 |
|
| 942 |
_2lcc _cB |
||
| 999 |
_c117 _d117 |
||